[Event "Sydney Open 2019"]
[Site "Sydney"]
[Date "2019.04.25"]
[Round "3.4"]
[White "Padmini, Rout"]
[Black "Lane, Gary W"]
[Result "1-0"]
[WhiteElo "2364"]
[BlackElo "2357"]
[Annotator "TA"]
[PlyCount "61"]
[EventDate "2019.04.24"]
[EventType "swiss"]
[EventCountry "AUS"]
[SourceTitle "playchess.com"]
[Source "ChessBase"]
[SourceQuality "1"]

{[%evp 19,71,28,37,12,12,10,31,8,8,2,21,33,45,51,104,106,84,88,212,216,290,306,413,410,445,418,418,177,500,414,379,292,289,277,420,252,585,592,706,741,1449,1474,1325,1288,1682,1676,1468,1455,1343,1313,29995,29996,29996,743]} 1. e4 e5 2. Nf3 Nc6 3. Bb5 a6 4. Ba4 Nf6 5. O-O b5 6. Bb3 Bb7 7. d3 Be7 8. Nc3 O-O 9. Nd5 Na5 10. Nxe7+ Qxe7 11. Re1 {C84: Closed Ruy Lopez: Unusual White 6th moves} (11. Nh4 Nxb3 12. axb3 d5 13. Nf5 Qe6 14. f3 Ne8 15. Qe1 Nd6 16. Ne3 f6 17. exd5 Bxd5 18. Nxd5 Qxd5 {½-½ (42) Hovhannisyan,R (2637)-Grischuk,A (2771) St Petersburg 2018}) 11... Nxb3 12. axb3 Qe6 $146 ({Predecessor:} 12... Ne8 13. Be3 c5 14. Nd2 Nc7 15. Qg4 Ne6 16. Nf3 {½-½ (16) Nadeev,S (2407)-Buecker,J (2542) ICCF email 2014}) 13. Ng5 {White is slightly better.} Qe7 14. f4 exf4 15. Bxf4 h6 16. Nf3 Nh5 ({Black should play} 16... Qc5+ $14 17. Be3 Qe7) 17. Be3 $16 {Nd4 is the strong threat.} c5 18. b4 $36 {[%mdl 2048] White has strong initiative.} cxb4 (18... d6 $16 {keeps fighting.}) 19. Nd4 $18 Nf6 20. Nf5 Qe6 21. Bd4 Ne8 22. Re3 Kh7 23. Rh3 (23. Rg3 $142 {[%cal Rf5g7]} Rg8 24. Qh5) 23... Rh8 $2 (23... Rg8 {is tougher.}) 24. Qd2 {[#] aiming for Bxg7!} Kg8 25. Rg3 Rh7 26. Qxb4 f6 (26... d6 {was necessary.} 27. c4 Bc6) 27. Rf1 g5 $2 (27... d6 28. Rg6 Kh8) 28. h4 d6 29. Qd2 Qf7 30. hxg5 hxg5 {[#]} 31. Nxd6 {Played: Rg3xg5} 1-0

[Event "Sydney Open 2019"]
[Site "Sydney"]
[Date "2019.04.25"]
[Round "3.5"]
[White "Dale, Ari"]
[Black "Song, Raymond"]
[Result "0-1"]
[WhiteElo "2372"]
[BlackElo "2329"]
[Annotator "TA"]
[PlyCount "54"]
[EventDate "2019.04.24"]
[EventType "swiss"]
[EventCountry "AUS"]
[SourceTitle "playchess.com"]
[Source "ChessBase"]
[SourceQuality "1"]

{[%evp 21,54,0,0,8,6,-16,-6,-8,-12,-82,-76,-87,-74,-166,-168,-365,-350,-415,-388,-368,-395,-883,-870,-861,-875,-902,-889,-897,-759,-684,-279,-1414,-1132,-1575,-1551]} 1. e4 c5 2. Nf3 e6 3. d4 cxd4 4. Nxd4 Nc6 5. Nc3 Qc7 6. f4 a6 7. Nxc6 bxc6 8. e5 d5 9. exd6 Bxd6 10. Ne4 Be7 11. Bd3 Nf6 12. O-O {B46: Sicilian: Taimanov: 5 Nc3 a6} O-O 13. Kh1 $146 (13. Qf3 {is interesting.} Bb7 14. Be3 Nxe4 15. Qxe4 g6 16. Bd4) ({Predecessor:} 13. Qf3 Rb8 14. b3 c5 15. Bb2 Nxe4 16. Qxe4 f5 17. Qe2 Bf6 18. Bxf6 Rxf6 19. Rae1 a5 {1-0 (46) Fedorov,A (2617)-Kobalia,M (2643) playchess.com INT 2006}) 13... c5 14. Qe2 {The position is equal.} Bb7 15. f5 (15. Nd2 $11 {remains equal.}) 15... exf5 $17 16. Rxf5 Rfe8 {Strongly threatening ...Nxe4.} 17. Bf4 {[#]} (17. Rxf6 $17 c4 18. Rf1 (18. Bxc4 $2 Bxf6 19. Nxf6+ gxf6 $19) 18... cxd3 19. cxd3) 17... Qc6 $1 $19 {[%cal Rf6e4]} 18. Ng5 $2 {[#]} (18. Nxf6+ Bxf6 19. Qf2 Bxb2 20. Rb1) 18... g6 $1 {[%cal Rg6f5]} 19. Bc4 gxf5 20. Nxf7 Nd5 21. Qe5 $2 (21. Ne5 Qe6 22. Qf3) 21... Kxf7 22. Qxf5+ Kg8 23. Be5 Rad8 24. Bd3 {[#]} Qg6 $1 25. Qh3 (25. Qxg6+ hxg6) 25... Bc8 (25... Qf7 $142 26. Qg3+ Kf8) 26. g4 $2 (26. Bxg6 Bxh3 27. Bxe8) 26... Qf7 27. Rf1 Bf6 0-1

[Event "Sydney Open 2019"]
[Site "Sydney"]
[Date "2019.04.25"]
[Round "3.6"]
[White "Xie, George Wendi"]
[Black "Hu, Jason"]
[Result "1-0"]
[WhiteElo "2359"]
[BlackElo "2132"]
[Annotator "RC"]
[PlyCount "69"]
[EventDate "2019.04.24"]
[EventType "swiss"]
[EventCountry "AUS"]
[SourceTitle "playchess.com"]
[Source "ChessBase"]
[SourceQuality "1"]
[TimeControl "5400+30"]

1. d4 {[%emt 1:30:30]} d5 {[%emt 1:30:30]} 2. c4 {[%emt 0:00:30]} e6 {[%emt 0:00:30]} 3. Nf3 {[%emt 0:00:30]} Nf6 {[%emt 0:00:30]} 4. Qb3 {[%emt 0:00:30]} c6 {[%emt 0:00:30]} 5. Bg5 {[%emt 0:00:30]} Nbd7 {[%emt 0:00:30]} 6. Nbd2 {[%emt 0:00:30]} h6 {[%emt 0:00:30]} 7. Bh4 {[%emt 0:00:30]} Be7 {[%emt 0:00:30]} 8. e3 {[%emt 0:00:30]} O-O {[%emt 0:00:30]} 9. Bd3 {[%emt 0:00:30]} b6 {[%emt 0:00:30]} 10. O-O {[%emt 0:00:30]} c5 {[%emt 0:00:30]} 11. Rac1 {[%emt 0:00:30]} cxd4 {[%emt 0:00:30]} 12. exd4 {[%emt 0:00:30]} dxc4 {[%emt 0:00:30]} 13. Nxc4 {[%emt 0:00:30]} Bb7 {[%emt 0:00:30]} 14. Bb1 {[%emt 0:00:30]} Ne4 {[%emt 0:00:30]} 15. Na5 {[%emt 0:00:30]} Bd5 {[%emt 0:00:30]} 16. Bxe7 {[%emt 0:00:30]} Qxe7 {[%emt 0:00:30]} 17. Nc6 {[%emt 0:00:30]} Qd6 {[%emt 0:00:30]} 18. Qa4 {[%emt 0:00:30]} a6 {[%emt 0:00:30]} 19. Nce5 {[%emt 0:00:30]} b5 {[%emt 0:00:30]} 20. Qc2 {[%emt 0:00:30]} Nef6 {[%emt 0:00:30]} 21. Rfe1 {[%emt 0:00:30]} Bxf3 {[%emt 0:00:30]} 22. Nxf3 {[%emt 0:00:30]} Nb6 {[%emt 0:00:30]} 23. Qc5 {[%emt 0:00:30]} Rfd8 {[%emt 0:00:30]} 24. Kf1 {[%emt 0:00:30]} g6 {[%emt 0:00:30]} 25. Ne5 {[%emt 0:00:30]} Qxd4 {[%emt 0:00:30]} 26. Qe7 {[%emt 0:00:30]} Rf8 {[%emt 0:00:30]} 27. Qxf6 {[%emt 0:00:30]} Nd5 {[%emt 0:00:30]} 28. Qf3 {[%emt 0:00:30]} Qxb2 {[%emt 0:00:30]} 29. Qd3 {[%emt 0:00:30]} a5 {[%emt 0:00:30]} 30. Rc2 {[%emt 0:00:30]} Qa1 {[%emt 0:00:30]} 31. Rc5 {[%emt 0:00:30]} b4 {[%emt 0:00:30]} 32. Nxg6 {[%emt 0:00:30]} Rfd8 {[%emt 0:00:30]} 33. Ne5 {[%emt 0:00:30]} Nf6 {[%emt 0:00:30]} 34. Qg3+ {[%emt 0:00:30]} Kf8 {[%emt 0:00:30]} 35. Rc7 {[%emt 0:00:30]} 1-0

[Event "Sydney Open 2019"]
[Site "Sydney"]
[Date "2019.04.25"]
[Round "4.1"]
[White "Song, Raymond"]
[Black "Padmini, Rout"]
[Result "1-0"]
[WhiteElo "2329"]
[BlackElo "2364"]
[Annotator "TA"]
[PlyCount "89"]
[EventDate "2019.04.24"]
[EventType "swiss"]
[EventCountry "AUS"]
[SourceTitle "playchess.com"]
[Source "ChessBase"]
[SourceQuality "1"]

{[%evp 18,89,20,20,23,0,0,0,0,0,0,0,8,5,15,10,13,6,21,16,15,0,15,13,22,4,2,5,12,0,49,48,103,92,86,64,108,91,91,87,97,102,108,115,108,64,57,49,59,54,45,39,52,23,139,130,120,133,119,122,119,127,120,133,217,215,874,872,1219,1197,1206,1137,1123,1079]} 1. d4 ({Predecessor:} 1. Nf3 Nf6 2. c4 e6 3. g3 d5 4. Bg2 Be7 {½-½ (47) Knoflicek,C (2200)-De Schampheleire,G (2339) Vienna 2016}) 1... Nf6 2. c4 e6 3. g3 d5 4. Nf3 Be7 5. Bg2 O-O 6. O-O dxc4 7. Qc2 a6 8. a4 Bd7 9. Qxc4 Bc6 10. Bf4 Bd6 {E05: Open Catalan: 5 Nf3 Be7} 11. Qc1 Nbd7 $146 (11... Bd5 12. Nc3 Nc6 13. Rd1 Nb4 14. Bg5 Be7 15. Nxd5 exd5 16. a5 Nc6 17. Ne5 Na7 18. Nd3 Nb5 19. Ra4 c6 20. Qc2 Re8 21. Bc1 Rc8 {½-½ (21) Fedoseev,V (2714)-Aronian,L (2765) Germany 2019}) 12. Nc3 Qe7 {The position is equal.} 13. Bg5 h6 14. Bh4 {e4! is the strong threat.} Bxf3 (14... Bb4 {feels hotter.} 15. Ne5 Bxg2 16. Kxg2 g5 17. Bxg5 hxg5 18. Qxg5+ Kh8) 15. Bxf3 g5 16. Bxg5 hxg5 17. Qxg5+ Kh8 18. Bxb7 Ra7 $1 {[%cal Ra7b7]} 19. Bg2 (19. Qh6+ {is more complex.} Nh7 20. Bc6 Rb8 21. Rfc1 Ndf6 22. Rc2) 19... Nh7 20. Qd2 f5 21. e4 f4 $1 22. e5 $36 {[%mdl 2048] White is more active.} Bb4 23. Rfe1 f3 24. Bf1 Nb6 (24... c5 $14) 25. Re4 $16 c5 26. Rh4 cxd4 27. Qxd4 Bc5 28. Qe4 Rd7 {[#]} 29. Rd1 $1 Rxd1 30. Nxd1 {Strongly threatening b4.} a5 31. Bd3 {[%cal Rh4h7][%mdl 1024] White has strong compensation.} Rf7 $1 32. Nc3 Rg7 33. Kf1 Nd7 $1 34. Qa8+ Qf8 35. Qxa5 Nxe5 {[#]} (35... Qb8 $1 $11) 36. Bxh7 $1 Rxh7 37. Qc7 {[%csl Gh4][%cal Rc7h7]} Nf7 {And now ...Rxh4 would win.} 38. Rxh7+ Kxh7 39. Qb7 Kg7 40. Qxf3 Qd6 (40... Qc8 $16 41. h4 Be7) 41. Ne4 $18 Qd4 $2 (41... Qd5 42. Qg4+ Kf8 43. Nxc5 Qxc5 44. Qxe6 Qc1+ 45. Kg2 Qd2) 42. Nxc5 {White is clearly winning.} Qxc5 43. Qc3+ Qxc3 44. bxc3 Ne5 45. a5 {Accuracy: White = 79%, Black = 51%.} 1-0

[Event "Sydney Open 2019"]
[Site "Sydney"]
[Date "2019.04.25"]
[Round "4.2"]
[White "Fernandez, Daniel Howard"]
[Black "McClymont, Brodie"]
[Result "1/2-1/2"]
[WhiteElo "2467"]
[BlackElo "2360"]
[Annotator "TA"]
[PlyCount "104"]
[EventDate "2019.04.24"]
[EventType "swiss"]
[EventCountry "AUS"]
[SourceTitle "playchess.com"]
[Source "ChessBase"]
[SourceQuality "1"]

{[%evp 11,104,35,53,0,8,0,0,0,0,0,12,0,12,0,0,0,-6,-29,-35,-37,15,0,0,-10,0,0,0,0,0,-3,-10,-56,-56,-53,-60,-66,-72,-72,-72,-66,-72,-170,-170,-155,-153,-153,-167,-143,0,0,0,0,0,0,24,-10,21,19,18,19,23,0,0,0,0,0,0,0,0,0,0,0,0,0,0,0,0,0,0,0,0,0,0,0,0,0,0,0,0,0,0,0,0,0,5106]} 1. e4 c5 2. Nf3 d6 3. Bb5+ Nd7 4. O-O Ngf6 5. Re1 a6 6. Bf1 b6 7. g3 {B51: Sicilian: Moscow Variation (3 Bb5+) without 3...Bd7} (7. d4 cxd4 8. Qxd4 Bb7 9. Nc3 e6 10. Bg5 Be7 11. Rad1 Qc7 12. a4 Rc8 13. h3 O-O 14. Qe3 h6 15. Bh4 Rfd8 16. Bg3 {0-1 (26) Bacrot,E (2708)-Karjakin,S (2781) Paris 2017}) 7... Bb7 8. d3 g6 9. Bd2 $146 ({Predecessor:} 9. Nh4 Bg7 10. Bg2 Qc7 11. f4 e6 12. c3 O-O 13. Qe2 Rac8 14. c4 Nb8 {0-1 (43) Malbran,G (2355)-Servat,R (2450) La Carlota 1995}) 9... Bg7 10. Qc1 e5 11. a4 c4 12. Bh6 O-O 13. Bxg7 Kxg7 14. a5 cxd3 15. cxd3 Nc5 (15... Rc8 $15 16. Qd2 b5) 16. Qc3 Rc8 {[%cal Rc5e4]} 17. Qb4 bxa5 18. Qxa5 d5 $36 {[%cal Rd5e4][%mdl 2048] Black fights for an advantage.} 19. Qxd8 Rfxd8 20. exd5 (20. Nbd2 {is interesting.} dxe4 21. dxe4 Rb8 22. Rac1 Ncxe4 23. Nxe4 Bxe4 24. Nxe5 Rd5 25. Ng4) 20... Nxd5 {aiming for ...Nb4.} 21. Rxe5 Nb4 $1 22. Ne1 Nbxd3 23. Nxd3 Nxd3 24. Re7 {[#]} Rc1 $1 25. Rxb7 Nc5 $1 {[%cal Rc5b7]} 26. Re7 (26. Rc7 $17 {is a better defense.} Rdd1 27. Kg2 Rxf1 28. Ra3) 26... Rdd1 $19 27. Ra3 Rxf1+ 28. Kg2 Rg1+ 29. Kh3 {Threatening Rf3.} Rxb1 (29... Ne6 $17 30. Nd2 Rge1) 30. Rf3 $11 Ne6 31. Rfxf7+ Kg8 {[#] And now ...Ng5+ would win.} 32. Rf6 $1 Ng7 {Hoping for ...Rge1.} 33. Rxa6 {White wants to mate with Ra8+.} Kf8 (33... Ra1 $5 {[%cal Ra1a6]} 34. Rb6 Ra8 $11) 34. Raa7 {White threatens Rf7+ and mate.} Ne8 $1 35. Rxh7 {[%cal Rh7h8]} Kg8 36. Rhb7 (36. Rh6 {is more complex.} g5 37. Rg6+ Kf8 38. Rb7 Rge1 39. Rxg5 Re2 40. Rf5+) 36... Rbd1 {The position is equal.} 37. b4 {[%cal Bb2b4,Bb4b5][%mdl 32]} (37. Ra6 {seems wilder.} Rd6 38. Ra8 Re1 39. b4 Rd2 40. f4) 37... Rge1 38. Ra6 Rd6 39. b5 Ree6 40. Ra8 Kf8 41. f4 Rb6 42. Rxb6 Rxb6 {[%mdl 4096] Endgame KRN-KR} 43. Ra6 Rxb5 44. Rxg6 Kf7 45. Ra6 Nf6 46. g4 Rb4 47. Kg3 Ne4+ 48. Kh4 Nf2 49. Ra7+ Kf8 50. Kg3 Ne4+ 51. Kh4 Nf2 52. Kg3 Ke8 $2 {[%mdl 40960] Accuracy: White = 56%, Black = 76%. . An unexpected result.} (52... Ne4+ $11 53. Kf3 Nd2+ 54. Ke2 Rxf4) 1/2-1/2

[Event "Sydney Open 2019"]
[Site "Sydney"]
[Date "2019.04.25"]
[Round "4.3"]
[White "Kunte, Abhijit"]
[Black "Clarke, Matthew"]
[Result "1-0"]
[WhiteElo "2485"]
[BlackElo "2113"]
[Annotator "TA"]
[PlyCount "55"]
[EventDate "2019.04.24"]
[EventType "swiss"]
[EventCountry "AUS"]
[SourceTitle "playchess.com"]
[Source "ChessBase"]
[SourceQuality "1"]

{[%evp 16,55,41,27,36,15,38,43,39,31,35,32,53,55,63,60,72,74,54,51,77,50,74,83,122,130,142,138,136,129,263,268,300,303,254,231,217,191,209,174,740,734]} 1. Nf3 Nf6 2. c4 g6 3. d4 Bg7 4. g3 O-O 5. Bg2 d6 6. O-O Nc6 7. Nc3 a6 8. b3 Rb8 9. d5 Na5 {E63: King's Indian: Fianchetto: Panno Variation with 7...a6} 10. Bg5 (10. Bd2 c5 11. dxc6 Nxc6 12. Qc1 Bd7 13. Bh6 b5 14. Bxg7 Kxg7 15. cxb5 axb5 16. Qb2 Kg8 17. b4 Qb6 18. Rfd1 Rfc8 {½-½ (77) Inarkiev,E (2689)-Zhao,J (2604) Riadh 2017}) 10... h6 11. Bd2 c5 {White is slightly better.} 12. dxc6 Nxc6 13. Rc1 Bd7 14. Nd5 Kh7 15. Bc3 Ne8 16. Bxg7 $146 ({Predecessor:} 16. Qd2 e6 17. Bxg7 {1-0 (52) Paciencia,E (2335)-Frost,P (1865) Penang 2014}) 16... Kxg7 17. Qd2 e6 18. Ne3 Qe7 19. Rfd1 Rd8 20. b4 {[%cal Bb3b4,Bb4b5][%mdl 32]} f5 21. b5 Nb8 22. a4 $36 {[%mdl 2048] White is really pushing.} ({But not} 22. bxa6 $6 Nxa6 23. Nd4 Nc5 $14) 22... e5 {[#]} (22... Nf6 $16 {keeps fighting.} 23. Qxd6 Qxd6 24. Rxd6 Ne4) 23. c5 $1 $18 axb5 24. cxd6 Qe6 25. Rc5 e4 26. Nd4 ({And not} 26. axb5 exf3 27. Bxf3 Qf6 $11) 26... Qxd6 27. Qc3 Qf6 $2 {[#]} (27... Kh7) 28. Nd5 {Accuracy: White = 92%, Black = 37%.} 1-0

[Event "Sydney Open 2019"]
[Site "Sydney"]
[Date "2019.04.25"]
[Round "4.4"]
[White "Ikeda, Junta"]
[Black "Solomon, Stephen J"]
[Result "1-0"]
[WhiteElo "2441"]
[BlackElo "2338"]
[Annotator "TA"]
[PlyCount "83"]
[EventDate "2019.04.24"]
[EventType "swiss"]
[EventCountry "AUS"]
[SourceTitle "playchess.com"]
[Source "ChessBase"]
[SourceQuality "1"]

{[%evp 14,83,-2,0,15,0,0,0,0,0,0,0,0,0,0,0,0,-8,9,3,57,56,106,125,105,125,114,122,122,93,103,102,100,112,167,84,97,105,142,0,20,21,26,-293,-271,-211,0,0,0,0,0,0,402,385,363,254,421,416,459,461,453,461,455,444,443,454,459,459,463,461,477,470]} 1. e4 c5 2. Ne2 e5 3. Nbc3 d6 4. g3 Nc6 5. Bg2 g6 6. d3 Bg7 7. O-O Nge7 8. f4 Nd4 {B25: Closed Sicilian: 3 g3, lines without early Be3} (8... O-O 9. Kh1 Nd4 10. Be3 Be6 11. Qd2 Qd7 12. Rf2 Rae8 13. Raf1 f6 14. b3 b6 15. Ng1 exf4 16. gxf4 f5 17. Bxd4 Bxd4 {0-1 (89) Jobava,B (2712)-Zhigalko,A (2555) Rogaska Slatina 2011}) 9. Nxd4 cxd4 10. Ne2 Be6 $146 {The position is equal.} ({Predecessor:} 10... O-O 11. c3 dxc3 12. bxc3 exf4 13. Bxf4 d5 14. e5 h6 15. d4 Bg4 16. h3 Be6 {1-0 (37) Visser,Y (2485)-Marcelin,C (2441) Wijk aan Zee 2006}) 11. c3 dxc3 12. bxc3 O-O 13. Rb1 b6 14. c4 Rc8 15. Ba3 Qd7 16. Qd2 h5 (16... Rcd8 $11) 17. Nc3 $14 Rfd8 18. f5 $1 {[%cal Rf5e6]} gxf5 19. Qg5 f6 20. Qxh5 f4 {White must now prevent ...Bg4.} 21. gxf4 {Strongly threatening f5.} Bg4 22. Qh4 Ng6 {[%mdl 64] Double Attack} 23. Qg3 Nxf4 (23... exf4 $16 24. Rxf4 Nxf4 25. Qxf4 Be6) 24. Rxf4 ({White should play} 24. Kh1 $18) 24... exf4 $16 25. Qxf4 f5 26. Nd5 (26. Qg5 $16) 26... Be5 27. Qg5+ $1 Kf7 {And now ...Rh8 would win.} 28. exf5 $4 {[%mdl 8192]} (28. Nxb6 $1 $11 {and White has nothing to worry.} axb6 29. exf5) 28... Rg8 $19 29. Qe3 {[#]} Bxf5 $2 (29... Rce8 $1 $19 {Threatens to win with ...Bxh2+!} 30. Nf4 (30. Qh6 $2 Bf3 $19) 30... Bxf5) 30. Rf1 $11 {aiming for Kh1.} Rg4 31. Kh1 Rh8 $1 {[%cal Rh8h2]} 32. Bh3 $36 {[%mdl 2048] White is more active.} Rxh3 $4 {[%mdl 8192]} (32... Rg3 $1 $11 {and Black is okay.} 33. Qxg3 (33. Bxf5 Rxh2+ 34. Kxh2 Rxe3+ $11) (33. Rxf5+ $2 Qxf5 34. Bxf5 Rxe3 $19) 33... Bxg3 34. Rxf5+ {[#]} Qxf5 $1 {[%mdl 512]} 35. Bxf5 Rxh2+ 36. Kg1 Rxa2) 33. Qxh3 $18 Kg7 34. Ne3 Qc6+ $2 (34... Bxd3 {keeps fighting.} 35. Rf3 (35. Nxg4 Bxf1 36. Qh6+ Kg8 $11) 35... Be4) 35. Qf3 Bxd3 {( -> ...Be4!)} 36. Qxc6 {White threatens Qb7+ and mate.White is clearly winning.} Be4+ 37. Qxe4 $1 Rxe4 38. Nf5+ Kg6 39. Bxd6 Bf6 40. c5 bxc5 41. Bxc5 Re5 42. Ng3 {Accuracy: White = 57%, Black = 51%.} ({Much less strong is} 42. Nd6 Bg5 $18) 1-0

[Event "Sydney Open 2019"]
[Site "Sydney"]
[Date "2019.04.25"]
[Round "4.5"]
[White "Puccini, Jack"]
[Black "Xie, George Wendi"]
[Result "1-0"]
[WhiteElo "2261"]
[BlackElo "2359"]
[Annotator "TA"]
[PlyCount "53"]
[EventDate "2019.04.24"]
[EventType "swiss"]
[EventCountry "AUS"]
[SourceTitle "playchess.com"]
[Source "ChessBase"]
[SourceQuality "1"]

{[%evp 20,53,0,-4,14,0,14,7,14,21,18,13,21,0,0,0,16,20,146,154,187,187,187,179,179,179,175,157,776,776,716,740,1777,1684,29982,1411]} 1. e4 c5 2. d4 cxd4 3. c3 dxc3 4. Nxc3 Nc6 5. Nf3 d6 6. Bc4 e6 7. O-O Be7 8. Qe2 Nf6 9. Rd1 e5 10. Be3 O-O 11. Rac1 Bg4 {B21: Sicilian: 2 f4 and Morra Gambit} (11... Be6 12. b4 Bg4 13. b5 Na5 14. Bd5 Qd7 15. h3 Bh5 16. a4 Rfc8 17. Ba2 b6 18. Nd5 Nxd5 19. Bxd5 Rxc1 20. Bxc1 Rd8 21. Ba3 {½-½ (21) Grigoryev,V (2503)-Voll,A (2556) ICCF email 2011}) 12. h3 Bxf3 13. Qxf3 a6 {The position is equal.} 14. a3 Rc8 15. Ba2 b5 16. Nd5 $146 ({Predecessor:} 16. b4 Qd7 17. g4 h6 18. Ne2 a5 19. bxa5 Nxa5 {0-1 (33) Lochte,T (2146)-Roeder,F (2245) Bad Neustadt 2003}) 16... Nxd5 17. Bxd5 Qd7 18. Qg4 Qe8 (18... Qxg4 $11 19. hxg4 Nd4 20. Rxc8 Rxc8) 19. Rc3 $16 Nd4 20. Rxd4 {Threatens to win with Bh6!} Rxc3 21. bxc3 exd4 22. Bxd4 {[%csl Gd4][%cal Rg4g7]} g6 {[#]} 23. h4 $1 $40 {[%mdl 1152] White has strong compensation. White is out for blood.} Qc8 $2 (23... Qd8 $16) 24. Qf4 $18 {Threatening mate with Qh6.} Qd8 25. g3 g5 26. Qf5 a5 27. f4 {Accuracy: White = 83%, Black = 30%.} (27. e5 $142 Qc8 {[#]} 28. Bxf7+ $1 {[%mdl 576] Deflection} Rxf7 29. Qxc8+ Rf8 30. Qe6+ {[%mdl 64] Double Attack} Rf7 31. exd6 Bd8 32. d7) 1-0

[Event "Sydney Open 2019"]
[Site "Sydney"]
[Date "2019.04.25"]
[Round "4.6"]
[White "Gong, Daniel Hanwen"]
[Black "Wagdy, Andro"]
[Result "1-0"]
[WhiteElo "2246"]
[BlackElo "2308"]
[Annotator "TA"]
[PlyCount "113"]
[EventDate "2019.04.24"]
[EventType "swiss"]
[EventCountry "AUS"]
[SourceTitle "playchess.com"]
[Source "ChessBase"]
[SourceQuality "1"]

{[%evp 9,113,27,19,-72,48,41,48,29,54,56,54,56,58,37,41,41,31,-27,-27,-27,-31,-45,-33,-55,-43,-43,-49,-50,-50,-51,-62,-49,-54,-97,-97,-97,-105,-100,-101,-169,-54,-51,-48,-52,-20,-22,0,0,-5,-14,-7,0,0,-9,0,0,0,0,0,0,0,0,0,0,0,0,138,115,1316,1223,2332,2117,5756,5297,29961,29954,29951,12245,29975,29976,29976,29977,29977,29978,29978,29979,29974,29977,29980,29981,29981,29982,29981,29983,29982,29984,29984,29984,29984,29985,29985,29986,29986,29987,29987,29988]} 1. d4 Nf6 2. Bf4 g6 3. Nc3 Bg7 (3... d5 4. e3 Bg7 5. h4 c6 6. Be2 h5 7. Nf3 Bg4 8. Ne5 Bxe2 9. Qxe2 Nbd7 10. O-O-O Rc8 11. f3 {0-1 (60) Nabaty,T (2692)-Rodshtein,M (2674) Czech Republic 2019}) 4. e4 c5 5. d5 Qb6 6. Rb1 {[#] A45: Trompowsky Attack} (6. Bc1 $11) 6... d6 (6... Nxe4 $1 $17 7. Nxe4 Qb4+ {[%mdl 64] Double Attack} 8. c3 Qxe4+ {[%mdl 64] Double Attack} 9. Ne2 Qc4) 7. Nf3 $14 Bg4 $146 {Black wants to play ...Nxe4.} ({Predecessor:} 7... O-O 8. Be2 Bg4 9. O-O Nbd7 10. Nd2 Bxe2 11. Qxe2 Ne8 12. Bg5 f6 {0-1 (26) Petr,J (2319)-Vyprachticky,D (2279) Czech Republic 2017}) 8. Be2 {White is slightly better.} Bxf3 9. Bxf3 Nbd7 10. O-O O-O 11. Qd2 Qa5 12. a4 a6 13. Ne2 (13. g3 $14) 13... Qxd2 $11 14. Bxd2 Ne5 15. b4 Nfd7 16. Be3 b6 17. bxc5 bxc5 18. Rb7 Rfb8 19. Rfb1 Rxb7 20. Rxb7 Rb8 21. Rxb8+ Nxb8 22. Nc1 Nxf3+ 23. gxf3 $17 {[%mdl 4096] Endgame KBN-KBN} Nd7 24. Nd3 (24. Kf1 $17) 24... Nb6 (24... Bc3 $19 25. Bc1 Nb6) 25. Nb4 $1 $15 Nxa4 26. Nxa6 Kf8 27. Nc7 Bc3 28. Bh6+ Kg8 29. Kf1 Ba5 30. Nb5 f6 31. Bc1 Kf7 32. Ke2 Nc3+ 33. Nxc3 Bxc3 $11 {KB-KB} 34. Kd3 Be1 35. Ke2 Ba5 36. Bd2 Bxd2 37. Kxd2 {KP-KP} e6 (37... f5 $11 {keeps the balance.}) 38. Kd3 exd5 $2 {[%mdl 8192]} (38... g5 $16) 39. exd5 $18 g5 {[#]} 40. Kc4 $1 {[%cal Rc4b5]} f5 41. Kb5 Kf6 42. Kc6 Ke5 43. c4 h5 {[#]} 44. f4+ $1 {[%mdl 512] White mates.} gxf4 (44... Kxf4 45. Kxd6) 45. h4 f3 46. Kd7 f4 47. Kc6 Kd4 48. Kxd6 Kd3 49. Kxc5 Ke2 50. d6 Kxf2 {K3P-K3P} 51. d7 Ke2 52. d8=Q f2 53. Qe8+ Kd2 54. Qd7+ Ke2 55. Qe6+ Kf3 56. Qd5+ Ke2 57. Qe4+ {Accuracy: White = 76%, Black = 44%.} 1-0

[Event "Sydney Open 2019"]
[Site "Sydney"]
[Date "2019.04.26"]
[Round "5.1"]
[White "Kunte, Abhijit"]
[Black "Song, Raymond"]
[Result "1-0"]
[WhiteElo "2485"]
[BlackElo "2329"]
[Annotator "TA"]
[PlyCount "87"]
[EventDate "2019.04.24"]
[EventType "swiss"]
[EventCountry "AUS"]
[SourceTitle "playchess.com"]
[Source "ChessBase"]
[SourceQuality "1"]

{[%evp 11,87,14,8,3,8,11,10,3,10,0,36,33,30,30,31,21,24,22,29,23,30,15,16,0,23,6,20,20,39,17,37,27,17,24,27,10,29,0,27,0,0,0,0,0,143,156,145,146,148,134,177,141,175,173,230,227,226,227,326,338,323,329,780,776,763,762,733,723,6129,362,6073,6116,5887,5675,5319,5406,2073,1404]} 1. Nf3 d5 2. g3 g6 3. Bg2 Bg7 4. d4 Nd7 5. O-O Ngf6 6. b3 O-O 7. Bb2 {D02: 1 d4 d5 2 Nf3 sidelines, including 2...Nf6 3 g3 and 2...Nf6 3 Bf4} e6 (7... c5 8. Na3 b6 9. c4 Bb7 10. cxd5 Bxd5 11. Rc1 e6 12. Nc4 Qe7 13. Nfe5 Bxg2 14. Kxg2 Rac8 {½-½ (48) Svidler,P (2747)-Nakamura,H (2793) Zuerich 2017}) 8. c4 b6 9. Nc3 {The position is equal.} Bb7 10. Ne5 Qc8 11. cxd5 Nxd5 12. Nxd5 exd5 13. Nd3 $146 ({Predecessor:} 13. Rc1 c5 14. Nd3 Qd8 15. Nf4 {1-0 (54) Vukovic,D (2264)-Djurdjevic,D Belgrade 2010}) 13... a5 14. Rc1 Qd8 15. e3 Re8 16. Qc2 c6 17. b4 axb4 18. Nxb4 Re6 19. a4 Ra5 20. Bc3 Qa8 21. Ra1 Re8 22. Rfb1 Ra7 23. Qb3 Rc8 24. Rd1 Bf8 25. Nd3 Ba6 26. Ne5 Nxe5 27. dxe5 Bc4 (27... Be2 $11 {remains equal.}) 28. Qxb6 $16 Bg7 29. a5 Rb7 30. Qd4 Qa6 31. Qd2 Rd8 32. Rdb1 c5 (32... Qa7 $142 33. Rxb7 Qxb7) 33. Rxb7 $18 Qxb7 {[#]} 34. Qb2 $1 {[%cal Rb2b7]} Qa7 (34... Qxb2 {was worth a try.} 35. Bxb2 Ra8) 35. Qb6 Qxb6 36. axb6 {[%cal Ba5b6,Bb6b7][%mdl 32] And now b7 would win.} d4 $2 (36... Rb8 37. Rb1 Rb7) 37. exd4 cxd4 38. b7 {Threatens to win with Ra8!} dxc3 {[#]} 39. Ra8 $1 {[%mdl 512]} c2 40. Rxd8+ Bf8 {[#]} 41. Rxf8+ $1 {White is clearly winning.} Kg7 (41... Kxf8 42. b8=Q+) 42. Rg8+ Kh6 43. h4 c1=Q+ 44. Kh2 {Accuracy: White = 66%, Black = 38%.} 1-0